Statistics for Countries in BRICS

Click here to take the quiz!

General Stats

  • This quiz has been taken 46 times
  • The average score is 5 of 5

Answer Stats

Answer% Correct
China
97%
India
95%
Russia
95%
Brazil
87%
South Africa
87%

Score Distribution

Percentile by Number Answered

Percent of People with Each Score

Your Score History

You have not taken this quiz